Score 0/20 Timer 04:00
0 Plays Today
% Correct
dehydrate
94.5%
decelerate
94.3%
debate
93.7%
decorate
93.6%
detonate
93.3%
deflate
93.3%
delegate
92.9%
defecate
92.7%
demonstrate
90%
desolate
89.9%
% Correct
deregulate
89.1%
deplumate
87.3%
depreciate
86.4%
desecrate
85.7%
deactivate
84.6%
degenerate
82.3%
desperate
82%
demarcate
81.2%
denigrate
76.4%
decussate
73.3%

You're not logged in!

Compare scores with friends on all Sporcle quizzes.
OR
Log In

Sporcle TV

Today on Sporcle TV


Watch our educational content, quiz creation guides, and fun videos on Sporcle TV.

Show Comments

Extras

Top Quizzes Today


Score Distribution

Your Account Isn't Verified!

In order to create a playlist on Sporcle, you need to verify the email address you used during registration. Go to your Sporcle Settings to finish the process.

Report this User

Report this user for behavior that violates our Community Guidelines.

Details: